| 000 | 00671nam a22002057a 4500 | ||
|---|---|---|---|
| 999 |
_c377 _d377 |
||
| 003 | AR-CdUCM | ||
| 008 | 190223b ||||| |||| 00| 0 spa d | ||
| 040 |
_aMUNICIPALIDAD PROVINCIAL DEL CUSCO _cBIBLIOTECA MUNICIPAL DEL CUSCO |
||
| 082 |
_a859.6 / _bB17 |
||
| 100 |
_aBouroncle Carreon, Alfonso _91522 |
||
| 245 | _aTierras de altura / | ||
| 260 |
_aPeru : _bCentro de proyección cristiana, _c1988. |
||
| 300 |
_a390 paginas ; _c19.5 cm. |
||
| 505 | _aDrama campesino del altiplano Puneño ... | ||
| 650 |
_aNovela narrativa _91523 |
||
| 650 |
_aSociedad contemporánea _91524 |
||
| 650 |
_aDrama campesino _91525 |
||
| 942 |
_2ddc _cLIBROS |
||
| 945 |
_arjall _d2019-02-23 |
||